Trusts law / (Record no. 5890)

MARC details
000 -LEADER
fixed length control field 00522nam a22001937a 4500
008 - FIXED-LENGTH DATA ELEMENTS--GENERAL INFORMATION
fixed length control field 140629b xxu||||| |||| 00| 0 eng d
020 ## - INTERNATIONAL STANDARD BOOK NUMBER
International Standard Book Number 9-7802-3027-5997
082 ## - DEWEY DECIMAL CLASSIFICATION NUMBER
Edition number 22 ed.
Classification number 346.059 WEB
100 ## - MAIN ENTRY--PERSONAL NAME
Personal name Webb, Charlie
245 ## - TITLE STATEMENT
Title Trusts law /
Statement of responsibility, etc Charlie Webb and Tim Akkouh
250 ## - EDITION STATEMENT
Edition statement 2 ed.
260 ## - PUBLICATION, DISTRIBUTION, ETC. (IMPRINT)
Place of publication, distribution, etc NY :
Name of publisher, distributor, etc Palgrave macmillan law masters
Date of publication, distribution, etc 2011
300 ## - PHYSICAL DESCRIPTION
Extent xxi, 393 P. ;
Dimensions 23 cm.
500 ## - GENERAL NOTE
General note Includes Index
650 ## - SUBJECT ADDED ENTRY--TOPICAL TERM
Topical term or geographic name as entry element Trusts
650 ## - SUBJECT ADDED ENTRY--TOPICAL TERM
Topical term or geographic name as entry element Trusts law
700 ## - ADDED ENTRY--PERSONAL NAME
Personal name Akkouh, Tim
942 ## - ADDED ENTRY ELEMENTS (KOHA)
Source of classification or shelving scheme Dewey Decimal Classification
Item type Books
Holdings
Withdrawn status Lost status Source of classification or shelving scheme Damaged status Not for loan Home library Current library Shelving location Date acquired Total Checkouts Full call number Barcode Date last seen Copy number Price effective from Koha item type Public note
    Dewey Decimal Classification     Law Development Centre Main Library Law Development Centre Main Library Text Books and Laws 06/29/2014   346.059 WEB 9907/2014 06/29/2014 1 06/29/2014 Books Textbook and laws
    Dewey Decimal Classification     Law Development Centre Main Library Law Development Centre Main Library Text Books and Laws 06/29/2014   346.059 WEB 9908/2014 06/29/2014 2 06/29/2014 Books Textbooks and laws
    Dewey Decimal Classification     Law Development Centre Main Library Law Development Centre Main Library Text Books and Laws 06/29/2014   346.059 WEB 9909/2014 06/29/2014 3 06/29/2014 Books reserve
    Dewey Decimal Classification     Law Development Centre Main Library Law Development Centre Main Library Text Books and Laws 06/29/2014   346.059 WEB 9910/2014 06/29/2014 4 06/29/2014 Books reserve
    Dewey Decimal Classification     Law Development Centre Main Library Law Development Centre Main Library Text Books and Laws 06/29/2014   346.059 WEB 9911/2014 06/29/2014 5 06/29/2014 Books reserve
    Dewey Decimal Classification     Law Development Centre Main Library Law Development Centre Main Library Text Books and Laws 06/29/2014   346.059 WEB 9912/2014 06/29/2014 6 06/29/2014 Books reserve
    Dewey Decimal Classification     Law Development Centre Main Library Law Development Centre Main Library Text Books and Laws 06/29/2014   346.059 WEB 9913/2014 06/29/2014 7 06/29/2014 Books reserve
    Dewey Decimal Classification     Law Development Centre Main Library Law Development Centre Main Library Text Books and Laws 06/29/2014   346.059 WEB 9915/2014 06/29/2014 8 06/29/2014 Books reserve
    Dewey Decimal Classification     Law Development Centre Main Library Law Development Centre Main Library Text Books and Laws 06/29/2014   346.059 WEB 9916/2014 06/29/2014 9 06/29/2014 Books reserve
    Dewey Decimal Classification     Law Development Centre Main Library Law Development Centre Main Library Text Books and Laws 06/29/2014   346.059 WEB 9917/2014 06/29/2014 10 06/29/2014 Books reserve